01002nam a2200241 a 450000500170000000800410001702000180005804000350007604100080011104400070011908200180012610000320014424500760017626001180025230000590037050000320042950000520046150400580051365000600057165000490063165000540068070000260073420160628020002.0120216s2008 ck abo gr 000 0dspa d a9789589810491 aCO-BoBLA cCO-BoBLAdCO-BoIAVH0 aspa ack04a551.36bP85d21 aPosada Posada, Blanca Oliva10aDiagnóstico de la erosión en la zona costera del Caribe Colombiano. aBogotá : bINVEMAR. Instituto de Investigaciones Marinas y Costeras "José Benito Vives de Andréis", c2008. a123 páginas : bIlustraciones, mapas ; c35 x 25 cm. aGlosario : páginas 90-92. aIncluye anexo cartográfico, páginas 97-123. aIncluye referencias bibliográficas páginas 93-96.14aErosiónx Diagnósticoz Caribe (Región, Colombia)26aClimatologíaz Caribe (Región, Colombia)24aRecursos hídricosz Caribe (Región, Colombia)1 aHenao Pineda, William